[Event "Werner-Ott-Open Kreuzberger Sommer 2017"]
[Site "Berlin"]
[Date "2017.07.19"]
[Round "5.43"]
[White "Kluehs, Gustaf"]
[Black "Breitzmann, Sander"]
[Result "1/2-1/2"]
[WhiteElo "1528"]
[BlackElo "1785"]
[PlyCount "80"]
[EventDate "2017.07.15"]
[EventType "swiss"]
[EventRounds "9"]
[EventCountry "GER"]
[SourceTitle "WOOKS 2017"]
[Source "SC Kreuzberg"]
[SourceDate "2017.07.19"]
[SourceVersion "1"]
[SourceVersionDate "2017.07.19"]
[SourceQuality "1"]
[WhiteTeam "SV Borussia Friedrichsfelde"]
[BlackTeam "SV Empor Berlin"]

1. Nf3 Nf6 2. d4 d5 3. c4 c6 4. Nc3 e6 5. e3 Nbd7 6. Bd3 dxc4 7. Bxc4 b5 8. Bd3
b4 9. Ne4 Bb7 10. Nxf6+ Nxf6 11. Bd2 c5 12. Bb5+ Nd7 13. Ne5 Bc8 14. Qa4 Bd6
15. Bc6 Rb8 16. Qxa7 Bxe5 17. dxe5 Rb6 18. Bxd7+ Bxd7 19. Rd1 Qb8 20. Qxb8+
Rxb8 21. Rc1 Ra8 22. a3 bxa3 23. bxa3 Rxa3 24. Rxc5 Ra2 25. Ra5 {(=)} Rxa5 26.
Bxa5 O-O 27. O-O Ra8 28. Bc3 Rc8 29. Bd4 h6 30. h3 Rc2 31. Rb1 g5 32. Rb2 Rc1+
33. Kh2 Kg7 34. Rb7 Bc8 35. Rb5 Rd1 36. Rb6 {(=)} Rf1 37. Rb2 Bd7 38. Ra2 Bc6
39. f3 Bd5 40. Ra1 Rxa1 {(=)} 1/2-1/2